Vzdelávanie zamestnancov realizujúcich prepravu nebezpečného tovaru po železnici - metodická pomôcka = Education for employees in railway transport of dangerous goods : Diplomová práca

Uložené v:
Podrobná bibliografia
Hlavný autor: Pittichová, Anna (Autor)
Ďalší autori: Lang, Ján, 1972- (xxx)
Médium: Rukopis Kniha
Jazyk:Slovak
Vydavateľské údaje: Trnava : STU v Bratislave MTF UIPH, 2009
Predmet:
Tagy: Pridať tag
Žiadne tagy, Buďte prvý, kto otaguje tento záznam!

MARC

LEADER 00000ntm a22000003a 4500
001 stu198819
005 20160719160101.8
008 100122s2009----xo------------------slo-d
040 |a STU  |b slo 
041 0 |a slo 
044 |a xo 
100 1 |a Pittichová, Anna  |4 aut 
245 1 |a Vzdelávanie zamestnancov realizujúcich prepravu nebezpečného tovaru po železnici - metodická pomôcka = Education for employees in railway transport of dangerous goods :  |b Diplomová práca 
260 |a Trnava :  |b STU v Bratislave MTF UIPH,  |c 2009 
300 |a 79 s  |c Prílohy + 1 CD-ROM 
500 |a Študijný program: učiteľstvo technických profesijných predmetov 
500 |a Študijný odbor: 1.1.2 učiteľstvo profesijných predmetov a praktickej prípravy 
650 7 |a andragogika  |2 stusub 
650 7 |a nebezpečný tovar  |2 stusub 
700 1 |a Lang, Ján,  |d 1972-  |4 xxx  |u I200  |U FIIT Fakulta informatiky a informačných technológií  |T FIIT Ústav informatiky a softvérového inžinierstva  |X 60247  |U I200  |Y 179  |7 60247 
996 |b 284M077805  |c M*DP-8846  |l MMSKP  |s P  |a 0  |w stu198819_0001